| 000 | 00802nam a2200229 i 4500 | ||
|---|---|---|---|
| 001 | 41813 | ||
| 003 | ES-MaACL | ||
| 005 | 20250730172204.0 | ||
| 007 | t| | ||
| 008 | 030311s1961 sp |||| | spa d | ||
| 100 | 1 |
_aCasares, Julio, _d1877-1964 _936157 |
|
| 245 | 1 | 3 |
_aEl humorismo y otros ensayos / _cJulio Casares ; con una semblanza del autor por José Mª Pemán ; prólogo de Pedro Laín Entralgo. |
| 260 |
_aMadrid : _bEspasa-Calpe, _c1961. |
||
| 300 |
_a312 p. ; _c21 cm. |
||
| 490 | 1 |
_aObras completas ; _v6 |
|
| 650 | 0 | 7 |
_aLengua española _2embne _914115 |
| 700 | 1 |
_aPemán, José María, _d1897-1981 _990130 |
|
| 700 | 1 |
_aLaín Entralgo, Pedro, _d1908-2001 _969681 |
|
| 830 | 0 |
_aObras completas ; _v6 _9176447 |
|
| 852 |
_aES-MaACL _jP-1033-bis |
||
| 999 |
_c41813 _d41813 |
||